[Event "Oberliga Bayern 1819"]
[Site "Bayern"]
[Date "2019.01.20"]
[Round "5.5"]
[White "Wutz, Christoph"]
[Black "Lowitz, Torsten"]
[Result "0-1"]
[WhiteElo "2246"]
[BlackElo "2146"]
[PlyCount "66"]
[EventDate "2018.10.21"]
[EventType "team-tourn"]
[EventRounds "9"]
[EventCountry "GER"]
[SourceTitle "EXT 2020"]
[Source "ChessBase"]
[SourceDate "2019.10.17"]
[SourceVersion "1"]
[SourceVersionDate "2019.10.17"]
[SourceQuality "1"]
[WhiteTeam "Regensburg Post/Sued"]
[BlackTeam "Herzogenaurach"]
[WhiteTeamCountry "GER"]
[BlackTeamCountry "GER"]

1. d4 Nf6 2. Bf4 g6 3. Nc3 Bg7 4. e4 d6 5. Qd2 0-0 6. 0-0-0 c6 7. Bh6 b5 8. Bd3 b4 9. Nce2 Qa5 10. Kb1 c5 11. Bxg7 Kxg7 12. d5 Ba6 13. c4 bxc3 14. Nxc3 Bxd3+ 15. Qxd3 Nbd7 16. f4 Rab8 17. Nf3 Qb4 18. Rd2 Nb6 19. e5 Nh5 20. Re1 Nc4 21. Re4 Nxd2+ 22. Qxd2 Qb7 23. Re2 Kg8 24. g4 Ng7 25. f5 f6 26. fxg6 fxe5 27. Qh6 hxg6 28. Ng5 Rf1+ 29. Nd1 Rxd1+ 30. Kc2 Qxb2+ 31. Kxd1 Qd4+ 32. Kc2 Rb2+ 33. Kc1 Qc3+ 0-1

[Event "Oberliga Bayern 1718"]
[Site "Bayern"]
[Date "2017.11.26"]
[Round "3.4"]
[White "Lowitz, Torsten"]
[Black "Gretz, Denis"]
[Result "1/2-1/2"]
[WhiteElo "2168"]
[BlackElo "2309"]
[PlyCount "66"]
[EventDate "2017.10.22"]
[EventType "team-tourn"]
[EventRounds "9"]
[EventCountry "GER"]
[SourceTitle "EXT 2020"]
[Source "ChessBase"]
[SourceDate "2019.10.17"]
[SourceVersion "1"]
[SourceVersionDate "2019.10.17"]
[SourceQuality "1"]
[WhiteTeam "Herzogenaurach"]
[BlackTeam "Bayern Muenchen II"]
[WhiteTeamCountry "GER"]
[BlackTeamCountry "GER"]

1. e4 c5 2. Nf3 e6 3. d4 cxd4 4. Nxd4 Nf6 5. Nc3 Nc6 6. Be3 Bb4 7. Bd3 d5 8. exd5 Nxd5 9. Nxc6 bxc6 10. Bd2 Nxc3 11. bxc3 Be7 12. Qf3 Qc7 13. 0-0 0-0 14. Rfe1 Bd6 15. h4 e5 16. h5 Be6 17. h6 f5 18. hxg7 Rf7 19. Qh5 e4 20. f3 exd3 21. Rxe6 dxc2 22. Rae1 Bf4 23. Qh4 Bxd2 24. Re8+ Rxe8 25. Rxe8+ Kxg7 26. Qd4+ Rf6 27. Qxd2 Qb6+ 28. Kf1 Qb5+ 29. Kf2 Qc5+ 30. Kf1 Qc4+ 31. Kf2 Qc5+ 32. Kf1 Qc4+ 33. Kf2 Qc5+ 1/2-1/2

[Event "Oberliga Bayern 1718"]
[Site "Bayern"]
[Date "2017.11.12"]
[Round "2.4"]
[White "Quast, Michael"]
[Black "Lowitz, Torsten"]
[Result "1-0"]
[WhiteElo "2281"]
[BlackElo "2168"]
[PlyCount "71"]
[EventDate "2017.10.22"]
[EventType "team-tourn"]
[EventRounds "9"]
[EventCountry "GER"]
[SourceTitle "EXT 2020"]
[Source "ChessBase"]
[SourceDate "2019.10.17"]
[SourceVersion "1"]
[SourceVersionDate "2019.10.17"]
[SourceQuality "1"]
[WhiteTeam "Regensburg Post/Sued"]
[BlackTeam "Herzogenaurach"]
[WhiteTeamCountry "GER"]
[BlackTeamCountry "GER"]

1. d4 Nf6 2. Nf3 g6 3. Nc3 d5 4. Bf4 Bg7 5. e3 0-0 6. Be2 c6 7. h3 Nbd7 8. 0-0 Re8 9. Re1 e6 10. Bf1 Nh5 11. Bh2 f5 12. Be2 Nhf6 13. Ne5 Nxe5 14. Bxe5 Bf8 15. Nb1 Nd7 16. Bg3 h5 17. c4 h4 18. Bh2 Qf6 19. cxd5 exd5 20. Nd2 c5 21. Nf3 c4 22. Bf4 Bd6 23. Bg5 Qe6 24. Nxh4 b5 25. g4 b4 26. gxf5 gxf5 27. Bh5 Be7 28. Bxe8 Bxg5 29. Bxd7 Bxd7 30. Qh5 Bf6 31. Kh2 f4 32. Rg1+ Bg7 33. Rxg7+ Kxg7 34. Rg1+ Kf8 35. Ng6+ Ke8 36. Nxf4+ 1-0

[Event "Oberliga Bayern 1617"]
[Site "Bayern"]
[Date "2017.04.30"]
[Round "9.6"]
[White "Lowitz, Torsten"]
[Black "Kern, Johannes"]
[Result "1-0"]
[WhiteElo "2134"]
[BlackElo "2196"]
[PlyCount "115"]
[EventDate "2016.10.16"]
[EventType "team-tourn"]
[EventRounds "9"]
[EventCountry "GER"]
[SourceTitle "EXT 2019"]
[Source "ChessBase"]
[SourceDate "2018.10.10"]
[SourceVersion "1"]
[SourceVersionDate "2018.10.10"]
[SourceQuality "1"]
[WhiteTeam "Herzogenaurach"]
[BlackTeam "Pang/Rosenheim"]
[WhiteTeamCountry "GER"]
[BlackTeamCountry "GER"]

1. e4 c5 2. Nf3 e6 3. d4 cxd4 4. Nxd4 Nc6 5. Be2 Nf6 6. Nc3 Qc7 7. 0-0 a6 8. Be3 Bb4 9. Na4 Be7 10. Nxc6 bxc6 11. Nb6 Rb8 12. Nxc8 Qxc8 13. e5 Nd5 14. Bd4 Qc7 15. c4 Nf4 16. Bf3 0-0 17. Qd2 Ng6 18. Rfe1 d6 19. exd6 Bxd6 20. g3 c5 21. Bc3 Be5 22. Bxe5 Nxe5 23. Be2 Nc6 24. Bf3 Nd4 25. Bg2 a5 26. Re3 Rb4 27. b3 Rfb8 28. Bf3 a4 29. Bd1 axb3 30. axb3 g6 31. Qa2 Kg7 32. Qa5 Qd6 33. Qa6 R4b6 34. Qa3 Rb4 35. Qa6 R8b6 36. Qa3 h5 37. h4 Qe7 38. Re5 Nc6 39. Re3 Qf6 40. Rc1 Nd4 41. Qa5 Qf5 42. Qa2 Rb7 43. Kg2 R4b6 44. Rcc3 Rd7 45. Bf3 Rbd6 46. Be4 Qf6 47. Qa5 Nf5 48. Rf3 Qd4 49. Bxf5 exf5 50. b4 cxb4 51. Qxb4 Qe4 52. Rce3 Qc6 53. Qc3+ Kh7 54. Re8 f6 55. Kh2 Rd1 56. Qe3 Qxc4 57. Re7+ Kg8 58. Rxd7 1-0

[Event "Oberliga Bayern 1617"]
[Site "Bayern"]
[Date "2017.03.19"]
[Round "7.5"]
[White "Goehring, Karl Heinz"]
[Black "Lowitz, Torsten"]
[Result "1/2-1/2"]
[WhiteElo "2116"]
[BlackElo "2134"]
[PlyCount "36"]
[EventDate "2016.10.16"]
[EventType "team-tourn"]
[EventRounds "9"]
[EventCountry "GER"]
[SourceTitle "EXT 2019"]
[Source "ChessBase"]
[SourceDate "2018.10.10"]
[SourceVersion "1"]
[SourceVersionDate "2018.10.10"]
[SourceQuality "1"]
[WhiteTeam "Schweinfurt"]
[BlackTeam "Herzogenaurach"]
[WhiteTeamCountry "GER"]
[BlackTeamCountry "GER"]

1. d4 Nf6 2. c4 g6 3. Nc3 Bg7 4. e4 d6 5. Be2 0-0 6. Bg5 c5 7. d5 Qa5 8. Bd2 e6 9. Nf3 Qb6 10. 0-0 exd5 11. exd5 Re8 12. Re1 Nbd7 13. Rb1 Ne5 14. Nxe5 Rxe5 15. Bd3 Rxe1+ 16. Qxe1 Bd7 17. h3 Re8 18. Qd1 a6 1/2-1/2

[Event "Landesliga Nord 1516"]
[Site "Bayern"]
[Date "2015.10.11"]
[Round "1.4"]
[White "Lowitz, Torsten"]
[Black "Weigel, Robert"]
[Result "1-0"]
[WhiteElo "2134"]
[BlackElo "2043"]
[PlyCount "83"]
[EventDate "2015.10.11"]
[EventType "team-tourn"]
[EventRounds "9"]
[EventCountry "GER"]
[SourceTitle "EXT 2018"]
[Source "ChessBase"]
[SourceDate "2017.10.13"]
[SourceVersion "1"]
[SourceVersionDate "2017.10.13"]
[SourceQuality "1"]
[WhiteTeam "Herzogenaurach"]
[BlackTeam "Forchheim II"]
[WhiteTeamCountry "GER"]
[BlackTeamCountry "GER"]

1. e4 c5 2. Nf3 Nf6 3. Nc3 d6 4. d4 cxd4 5. Nxd4 a6 6. Be2 e6 7. 0-0 Be7 8. Be3 0-0 9. f4 Qc7 10. Bf3 Nc6 11. Nb3 Bd7 12. Qd2 Rac8 13. Rad1 b5 14. a3 b4 15. axb4 Nxb4 16. Ra1 Rb8 17. Qf2 e5 18. Rfd1 Ng4 19. Bxg4 Bxg4 20. Rd2 exf4 21. Bxf4 Be6 22. Nd4 Rbd8 23. Ra4 Qb7 24. Qg3 Bc8 25. h4 Rfe8 26. h5 d5 27. e5 Bf8 28. Bg5 Be7 29. Bh6 g6 30. e6 Bc5 31. Bg5 Rd6 32. Bf4 Rdxe6 33. Kh2 Rb6 34. Nf3 Be6 35. Be5 Bd7 36. Ra1 Rbe6 37. Rf1 Be3 38. Re2 Bh6 39. Ng5 R6e7 40. Nxh7 Kxh7 41. Rxf7+ Bg7 42. Qxg6+ 1-0

[Event "Oberliga Bayern 1415"]
[Site "Germany"]
[Date "2015.04.12"]
[Round "9.3"]
[White "Koepke, Christian"]
[Black "Lowitz, Torsten"]
[Result "1-0"]
[WhiteElo "2324"]
[BlackElo "2146"]
[PlyCount "101"]
[EventDate "2014.10.19"]
[EventType "team-tourn"]
[EventRounds "9"]
[EventCountry "GER"]
[SourceTitle "EXT 2016"]
[Source "ChessBase"]
[SourceDate "2015.10.08"]
[SourceVersion "1"]
[SourceVersionDate "2015.10.08"]
[SourceQuality "1"]
[WhiteTeam "Garching"]
[BlackTeam "Puschendorf"]
[WhiteTeamCountry "GER"]
[BlackTeamCountry "GER"]

1. e4 c5 2. Nf3 d6 3. d4 cxd4 4. Nxd4 Nf6 5. Nc3 a6 6. h3 e5 7. Nde2 Be7 8. g4 Be6 9. Bg2 0-0 10. Ng3 b5 11. 0-0 Nbd7 12. Nf5 Nb6 13. a4 b4 14. Nxe7+ Qxe7 15. Nd5 Nbxd5 16. exd5 Bc8 17. f4 Nd7 18. f5 a5 19. Be3 Ba6 20. Rf2 Rab8 21. f6 Nxf6 22. Bg5 h6 23. Bxf6 gxf6 24. Be4 Kg7 25. Qf3 Rh8 26. Kh2 Rbc8 27. Re1 Rcg8 28. Re3 Kf8 29. Qxf6 Qxf6 30. Rxf6 Ke7 31. Ref3 Rg7 32. Rf2 Bc8 33. Bd3 Bd7 34. b3 Be8 35. Be2 Rg6 36. R6f3 Rf8 37. Bd3 Rg7 38. Rf6 Rh8 39. Be2 Rg6 40. R6f3 Rf8 41. c3 bxc3 42. Rxc3 Bd7 43. Rc7 Rc8 44. Ra7 Ke8 45. Bb5 Bxb5 46. axb5 f6 47. b6 Rb8 48. Rc2 Kd8 49. Rcc7 Rg8 50. Rh7 f5 51. b7 1-0

[Event "Oberliga Bayern 1314"]
[Site "Bayern"]
[Date "2014.03.16"]
[Round "8.3"]
[White "Klebel, Martin"]
[Black "Lowitz, Torsten"]
[Result "1-0"]
[WhiteElo "2368"]
[BlackElo "2175"]
[PlyCount "81"]
[EventDate "2013.10.13"]
[EventType "team-tourn"]
[EventRounds "9"]
[EventCountry "GER"]
[SourceTitle "EXT 2015"]
[Source "ChessBase"]
[SourceDate "2014.11.20"]
[SourceVersion "1"]
[SourceVersionDate "2014.11.20"]
[SourceQuality "1"]
[WhiteTeam "Bayern Muenchen II"]
[BlackTeam "Puschendorf"]
[WhiteTeamCountry "GER"]
[BlackTeamCountry "GER"]

1. d4 Nf6 2. Nf3 g6 3. g3 Bg7 4. Bg2 0-0 5. 0-0 d6 6. b3 c5 7. c4 cxd4 8. Nxd4 Qb6 9. Bb2 Nc6 10. e3 Rd8 11. Nc3 e6 12. Na4 Qc7 13. Nb5 Qb8 14. e4 a6 15. Nd4 Qc7 16. Rc1 Bd7 17. Nc3 Nxd4 18. Qxd4 Rac8 19. Rfd1 Bc6 20. Nd5 exd5 21. cxd5 Qa5 22. dxc6 Ne8 23. Qd2 Qxd2 24. Rxd2 Bxb2 25. Rxb2 Rxc6 26. Rxc6 bxc6 27. Rc2 Rc8 28. f4 f6 29. b4 Kf8 30. Bf1 a5 31. bxa5 Ke7 32. Rb2 Nc7 33. Rb7 Kd8 34. a6 Ra8 35. Rb6 Kd7 36. Bh3+ Ke7 37. Rb7 Kd8 38. a7 h6 39. Rb8+ Ke7 40. Rxa8 Nxa8 41. Bc8 1-0

[Event "Oberliga Bayern 1314"]
[Site "Bayern"]
[Date "2014.01.19"]
[Round "5.3"]
[White "Lowitz, Torsten"]
[Black "Schuster, Karsten"]
[Result "0-1"]
[WhiteElo "2175"]
[BlackElo "2280"]
[PlyCount "46"]
[EventDate "2013.10.13"]
[EventType "team-tourn"]
[EventRounds "9"]
[EventCountry "GER"]
[SourceTitle "EXT 2015"]
[Source "ChessBase"]
[SourceDate "2014.11.20"]
[SourceVersion "1"]
[SourceVersionDate "2014.11.20"]
[SourceQuality "1"]
[WhiteTeam "Puschendorf"]
[BlackTeam "Groebenzell"]
[WhiteTeamCountry "GER"]
[BlackTeamCountry "GER"]

1. e4 d5 2. exd5 Qxd5 3. Nc3 Qd6 4. d4 c6 5. Nf3 Bg4 6. Be2 Nf6 7. 0-0 Nbd7 8. Bg5 e6 9. Qd2 Qc7 10. Rfe1 Bd6 11. h3 Bh5 12. Ne5 Bxe2 13. Qxe2 0-0 14. Rad1 Nd5 15. Nb1 c5 16. Nxd7 Qxd7 17. dxc5 Bb8 18. Qg4 Qc7 19. Rd3 h5 20. Qd4 Qh2+ 21. Kf1 Qh1+ 22. Ke2 Qxg2 23. Nd2 Qxg5 0-1

[Event "Oberliga Bayern 1213"]
[Site "Bayern"]
[Date "2013.03.17"]
[Round "8.3"]
[White "Lowitz, Torsten"]
[Black "Billing, Christian"]
[Result "1-0"]
[WhiteElo "2182"]
[BlackElo "2228"]
[PlyCount "81"]
[EventDate "2012.10.14"]
[EventType "team-tourn"]
[EventRounds "9"]
[EventCountry "GER"]
[SourceTitle "EXT 2015"]
[Source "ChessBase"]
[SourceDate "2014.11.20"]
[SourceVersion "1"]
[SourceVersionDate "2014.11.20"]
[SourceQuality "1"]
[WhiteTeam "Puschendorf"]
[BlackTeam "Dillingen"]
[WhiteTeamCountry "GER"]
[BlackTeamCountry "GER"]

1. e4 g6 2. d4 Bg7 3. Nc3 d6 4. Be3 a6 5. Qd2 b5 6. 0-0-0 Bb7 7. f3 Nd7 8. h4 h5 9. a3 Ngf6 10. Nh3 Nb6 11. Ng5 Nfd7 12. g4 Nc4 13. Bxc4 bxc4 14. gxh5 Rxh5 15. Ne2 Rh8 16. Ng3 Nf6 17. Qb4 Rb8 18. Qxc4 e6 19. f4 Qd7 20. Qd3 Nh5 21. Nxh5 Rxh5 22. Rh2 Qa4 23. f5 gxf5 24. exf5 e5 25. Qe2 Rh8 26. h5 Bc8 27. Rf1 Kf8 28. f6 Bh6 29. dxe5 Qa5 30. Nf3 Qb6 31. Bxh6+ Rxh6 32. b3 Qc5 33. Kb2 Be6 34. Qd2 Rh8 35. exd6 cxd6 36. h6 Qb6 37. Nd4 Bc4 38. Rg1 Qc5 39. h7 Ke8 40. Rg8+ Kd7 41. Rxb8 1-0

[Event "Oberliga Bayern 1213"]
[Site "Bayern"]
[Date "2013.02.24"]
[Round "7.3"]
[White "Grafe, Wilhelm"]
[Black "Lowitz, Torsten"]
[Result "1/2-1/2"]
[WhiteElo "2170"]
[BlackElo "2182"]
[PlyCount "76"]
[EventDate "2012.10.14"]
[EventType "team-tourn"]
[EventRounds "9"]
[EventCountry "GER"]
[SourceTitle "EXT 2015"]
[Source "ChessBase"]
[SourceDate "2014.11.20"]
[SourceVersion "1"]
[SourceVersionDate "2014.11.20"]
[SourceQuality "1"]
[WhiteTeam "Nuernberg NT"]
[BlackTeam "Puschendorf"]
[WhiteTeamCountry "GER"]
[BlackTeamCountry "GER"]

1. Nf3 Nf6 2. d4 g6 3. g3 Bg7 4. Bg2 0-0 5. 0-0 d6 6. c4 Nbd7 7. Nc3 e5 8. h3 exd4 9. Nxd4 Re8 10. Bg5 h6 11. Bxf6 Qxf6 12. e3 Nc5 13. b4 Ne6 14. Nd5 Qd8 15. Rc1 a5 16. b5 Nxd4 17. exd4 c6 18. Nc3 Qc7 19. Qd2 Bd7 20. a4 Rad8 21. Rfe1 Qb6 22. c5 dxc5 23. dxc5 Qc7 24. bxc6 Rxe1+ 25. Rxe1 Bxc6 26. Nd5 Bxd5 27. Bxd5 Kh7 28. Rc1 Qd7 29. Rd1 Qxa4 30. Qe2 Rd7 31. Bb3 Rxd1+ 32. Qxd1 Qc6 33. Bxf7 Qxc5 34. Qb1 Qc6 35. Qa2 a4 36. Bg8+ Kh8 37. Bd5 Qc1+ 38. Kg2 Qc5 1/2-1/2

[Event "Oberliga Bayern 1213"]
[Site "Bayern"]
[Date "2012.11.25"]
[Round "3.3"]
[White "Lowitz, Torsten"]
[Black "Bakalar, Petr"]
[Result "1-0"]
[WhiteElo "2182"]
[BlackElo "2211"]
[PlyCount "51"]
[EventDate "2012.10.14"]
[EventType "team-tourn"]
[EventRounds "9"]
[EventCountry "GER"]
[SourceTitle "EXT 2015"]
[Source "ChessBase"]
[SourceDate "2014.11.20"]
[SourceVersion "1"]
[SourceVersionDate "2014.11.20"]
[SourceQuality "1"]
[WhiteTeam "Puschendorf"]
[BlackTeam "Obernau"]
[WhiteTeamCountry "GER"]
[BlackTeamCountry "GER"]

1. e4 c5 2. Nf3 Nc6 3. Bb5 Qb6 4. Nc3 e6 5. 0-0 Nge7 6. Re1 Nd4 7. Ba4 Nec6 8. d3 Be7 9. Nxd4 cxd4 10. Ne2 0-0 11. c3 Bf6 12. Bxc6 dxc6 13. cxd4 Bxd4 14. Nxd4 Qxd4 15. Qb3 e5 16. Be3 Qd6 17. Qc3 b6 18. d4 exd4 19. Bxd4 Qh6 20. Re3 Kh8 21. Rg3 Rg8 22. Rd1 Ba6 23. Bxg7+ Rxg7 24. Rd6 f6 25. Rxf6 Rd8 26. h3 1-0

[Event "Oberliga Bayern 1213"]
[Site "Bayern"]
[Date "2012.11.11"]
[Round "2.3"]
[White "Schelle, Artur"]
[Black "Lowitz, Torsten"]
[Result "1-0"]
[WhiteElo "2164"]
[BlackElo "2182"]
[PlyCount "69"]
[EventDate "2012.10.14"]
[EventType "team-tourn"]
[EventRounds "9"]
[EventCountry "GER"]
[SourceTitle "EXT 2015"]
[Source "ChessBase"]
[SourceDate "2014.11.20"]
[SourceVersion "1"]
[SourceVersionDate "2014.11.20"]
[SourceQuality "1"]
[WhiteTeam "Muenchen Tarrasch"]
[BlackTeam "Puschendorf"]
[WhiteTeamCountry "GER"]
[BlackTeamCountry "GER"]

1. e4 c5 2. Nc3 d6 3. f4 g6 4. Nf3 Bg7 5. Bc4 e6 6. 0-0 Ne7 7. d4 0-0 8. dxc5 dxc5 9. Be3 Qa5 10. Qe1 Qb4 11. Qe2 a6 12. a3 Qa5 13. Qf2 Nd7 14. e5 Qc7 15. Ne4 Nf5 16. Rad1 b5 17. Be2 Nxe3 18. Qxe3 Bb7 19. Nd6 Bd5 20. c4 bxc4 21. Bxc4 Nb6 22. b3 Rfd8 23. Ng5 Rd7 24. Bxd5 Nxd5 25. Qh3 Rxd6 26. exd6 Qxd6 27. Qxh7+ Kf8 28. Qh3 Rb8 29. Rfe1 Bd4+ 30. Rxd4 cxd4 31. Qh8+ Ke7 32. Qxd4 Rxb3 33. Qg7 Nxf4 34. Qxf7+ Kd8 35. Qxf4 1-0

[Event "Oberliga Bayern 1213"]
[Site "Bayern"]
[Date "2012.10.14"]
[Round "1.3"]
[White "Lowitz, Torsten"]
[Black "Hiermann, Dietmar"]
[Result "1/2-1/2"]
[WhiteElo "2182"]
[BlackElo "2282"]
[PlyCount "81"]
[EventDate "2012.10.14"]
[EventType "team-tourn"]
[EventRounds "9"]
[EventCountry "GER"]
[SourceTitle "EXT 2015"]
[Source "ChessBase"]
[SourceDate "2014.11.20"]
[SourceVersion "1"]
[SourceVersionDate "2014.11.20"]
[SourceQuality "1"]
[WhiteTeam "Puschendorf"]
[BlackTeam "Passau"]
[WhiteTeamCountry "GER"]
[BlackTeamCountry "GER"]

1. e4 e5 2. Nf3 Nc6 3. Bb5 a6 4. Ba4 Nf6 5. 0-0 b5 6. Bb3 Bc5 7. c3 d6 8. d4 Bb6 9. dxe5 Nxe5 10. Nxe5 dxe5 11. Qxd8+ Kxd8 12. Bg5 Ke7 13. Bd5 Rb8 14. Kh1 h6 15. Bxf6+ gxf6 16. f4 exf4 17. Rxf4 Rd8 18. Na3 c5 19. Raf1 f5 20. Nc2 Bc7 21. Rh4 Rb6 22. b4 cxb4 23. Nxb4 Kf8 24. Nc6 Rd6 25. Nd4 Bd8 26. Rh5 Bg5 27. h4 Bd8 28. Nxf5 Bxf5 29. Rhxf5 Rf6 30. e5 Rxf5 31. Rxf5 Bxh4 32. Rxf7+ Ke8 33. Rg7 Be1 34. Rg8+ Ke7 35. Rg7+ Ke8 36. c4 bxc4 37. Rg8+ Ke7 38. Rg7+ Ke8 39. Rg8+ Ke7 40. Rg7+ Kf8 41. Rg8+ 1/2-1/2

[Event "Oberliga Bayern 1011"]
[Site "Germany"]
[Date "2010.11.14"]
[Round "3.3"]
[White "Lowitz, Torsten"]
[Black "Mischustov, Michael"]
[Result "1/2-1/2"]
[WhiteElo "2127"]
[BlackElo "2312"]
[PlyCount "112"]
[EventDate "2010.10.10"]
[EventType "team-tourn"]
[EventRounds "9"]
[EventCountry "GER"]
[SourceTitle "EXT 2012"]
[Source "ChessBase"]
[SourceDate "2011.11.24"]
[SourceVersion "1"]
[SourceVersionDate "2011.11.24"]
[SourceQuality "1"]
[WhiteTeam "Puschendorf"]
[BlackTeam "Nuernberg NT"]
[WhiteTeamCountry "GER"]
[BlackTeamCountry "GER"]

1. e4 e6 2. d4 d5 3. Nd2 Nf6 4. e5 Nfd7 5. Bd3 c5 6. c3 Nc6 7. Ngf3 Rb8 8. 0-0 b5 9. Re1 b4 10. c4 dxc4 11. Bxc4 cxd4 12. Nb3 Nb6 13. Bb5 Bd7 14. Bg5 Be7 15. Bxe7 Nxe7 16. Qd3 0-0 17. Bxd7 Qxd7 18. Ng5 Ng6 19. Re4 h6 20. Nf3 Qe7 21. h4 Rfd8 22. h5 Nf8 23. Rg4 Kh8 24. Nfxd4 Rbc8 25. Re1 Nd5 26. Qg3 f5 27. exf6 Nxf6 28. Rh4 Qd6 29. Qh3 e5 30. Nf5 Qe6 31. Rxb4 Rc7 32. a3 e4 33. Nbd4 Qf7 34. Ng3 Rcd7 35. Nb5 Rd1 36. Rxd1 Rxd1+ 37. Kh2 Rd2 38. Nc3 Rxf2 39. Ncxe4 Nxe4 40. Nxe4 Rf1 41. Ng3 Rf2 42. Qg4 Qc7 43. Qc4 Qe5 44. Qe4 Qf6 45. b3 Ne6 46. Qe3 Nf8 47. a4 Qb2 48. Qe4 Qf6 49. Rc4 Ne6 50. Qe3 Nf8 51. b4 a6 52. b5 axb5 53. axb5 Qb2 54. Qe4 Qxb5 55. Rc7 Qg5 56. Rc4 Qd2 1/2-1/2

[Event "Oberliga Bayern 1011"]
[Site "Germany"]
[Date "2010.10.10"]
[Round "1.3"]
[White "Lowitz, Torsten"]
[Black "Seuffert, Gabriel"]
[Result "0-1"]
[WhiteElo "2127"]
[BlackElo "2278"]
[PlyCount "82"]
[EventDate "2010.10.10"]
[EventType "team-tourn"]
[EventRounds "9"]
[EventCountry "GER"]
[SourceTitle "EXT 2012"]
[Source "ChessBase"]
[SourceDate "2011.11.24"]
[SourceVersion "1"]
[SourceVersionDate "2011.11.24"]
[SourceQuality "1"]
[WhiteTeam "Puschendorf"]
[BlackTeam "Wuerzburg"]
[WhiteTeamCountry "GER"]
[BlackTeamCountry "GER"]

1. e4 c6 2. d4 d5 3. Nd2 dxe4 4. Nxe4 Bf5 5. Ng3 Bg6 6. Nf3 Nd7 7. h4 h6 8. h5 Bh7 9. Bd3 Bxd3 10. Qxd3 e6 11. Bd2 Ngf6 12. 0-0-0 Be7 13. Qe2 Qc7 14. Ne5 c5 15. Nxd7 Qxd7 16. dxc5 Qc6 17. f4 Bxc5 18. f5 Bd6 19. Rh3 e5 20. Rh4 0-0 21. Ne4 Be7 22. Nxf6+ Bxf6 23. Re4 Rfd8 24. Rf1 Qd5 25. c4 Rac8 26. Bc3 Qc6 27. Kb1 Rd7 28. g4 a6 29. Re1 Re8 30. b3 b5 31. Bb2 Qc5 32. Qe3 Qc6 33. cxb5 axb5 34. Qc1 Qd5 35. Qc2 Qb7 36. R4e3 Rc8 37. Qe4 Qa7 38. Qb4 Bh4 39. Rc1 Ra8 40. Rxe5 Qxa2+ 41. Kc2 Bf6 0-1

[Event "Landesliga Nord 0910"]
[Site "Bayern"]
[Date "2010.04.11"]
[Round "9.3"]
[White "Lowitz, Torsten"]
[Black "Fuhrmann, Max"]
[Result "1-0"]
[WhiteElo "2123"]
[BlackElo "2091"]
[PlyCount "61"]
[EventDate "2009.10.18"]
[EventType "team-tourn"]
[EventRounds "9"]
[EventCountry "GER"]
[SourceTitle "EXT 2011"]
[Source "ChessBase"]
[SourceDate "2010.11.26"]
[SourceVersion "1"]
[SourceVersionDate "2010.11.26"]
[SourceQuality "1"]
[WhiteTeam "Puschendorf"]
[BlackTeam "Kelheim"]
[WhiteTeamCountry "GER"]
[BlackTeamCountry "GER"]

1. e4 c6 2. d4 d5 3. Nd2 dxe4 4. Nxe4 Bf5 5. Ng3 Bg6 6. Nf3 Nf6 7. h4 h6 8. h5 Bh7 9. Bd3 Bxd3 10. Qxd3 e6 11. Bd2 c5 12. 0-0-0 Nc6 13. Bc3 Be7 14. Ne4 Qc7 15. Nxf6+ Bxf6 16. dxc5 Qf4+ 17. Qd2 Qa4 18. Bxf6 gxf6 19. Qd7+ Kf8 20. a3 Qf4+ 21. Kb1 Kg7 22. Qxb7 Rhc8 23. Rh4 Qf5 24. Rd7 Nd8 25. Qe4 Qxc5 26. Rg4+ Kf8 27. Qh7 Ke8 28. Qd3 Qxc2+ 29. Qxc2 Rxc2 30. Rxd8+ Rxd8 31. Kxc2 1-0

[Event "Landesliga Nord 0910"]
[Site "Bayern"]
[Date "2010.01.24"]
[Round "5.3"]
[White "Lowitz, Torsten"]
[Black "Kunz, Konstantin"]
[Result "1/2-1/2"]
[WhiteElo "2123"]
[BlackElo "2155"]
[PlyCount "112"]
[EventDate "2009.10.18"]
[EventType "team-tourn"]
[EventRounds "9"]
[EventCountry "GER"]
[SourceTitle "EXT 2011"]
[Source "ChessBase"]
[SourceDate "2010.11.26"]
[SourceVersion "1"]
[SourceVersionDate "2010.11.26"]
[SourceQuality "1"]
[WhiteTeam "Puschendorf"]
[BlackTeam "Kitzingen"]
[WhiteTeamCountry "GER"]
[BlackTeamCountry "GER"]

1. e4 c5 2. Nf3 e6 3. d4 cxd4 4. Nxd4 a6 5. Be2 Nf6 6. Nc3 Qc7 7. 0-0 Be7 8. Be3 0-0 9. f4 d6 10. a4 b6 11. Bf3 Bb7 12. g4 Nc6 13. Nxc6 Bxc6 14. f5 h6 15. Qd2 Nh7 16. Rad1 b5 17. axb5 axb5 18. Bf4 b4 19. Ne2 e5 20. Be3 Rab8 21. Ng3 Rfc8 22. Ra1 Bg5 23. Rfd1 Ba8 24. Rac1 Kf8 25. Bg2 Bxe3+ 26. Qxe3 Qc5 27. Kf2 Nf6 28. h3 Ke7 29. Rd2 Rc7 30. Qxc5 Rxc5 31. Ke3 d5 32. exd5 Bxd5 33. Bxd5 Nxd5+ 34. Ke4 Nf6+ 35. Kf3 Rbc8 36. Ne4 Nxe4 37. Kxe4 Rc4+ 38. Kd3 Kf6 39. Re1 Rd4+ 40. Ke3 Rdc4 41. Kd3 Rd4+ 42. Ke3 Kg5 43. Rxd4 exd4+ 44. Kd3 Kh4 45. Re4 Kxh3 46. Rxd4 Rb8 47. c4 bxc3 48. bxc3 g5 49. fxg6 fxg6 50. c4 h5 51. gxh5 gxh5 52. c5 h4 53. Kc4 Kg3 54. c6 h3 55. Kc5 h2 56. Rd1 Kg2 1/2-1/2

[Event "Landesliga Nord 0809"]
[Site "Bayern"]
[Date "2009.01.18"]
[Round "5.3"]
[White "Lowitz, Torsten"]
[Black "Werner, Claus"]
[Result "1/2-1/2"]
[WhiteElo "2067"]
[BlackElo "2197"]
[PlyCount "78"]
[EventDate "2008.10.05"]
[EventType "team-tourn"]
[EventRounds "9"]
[EventCountry "GER"]
[SourceTitle "EXT 2020"]
[Source "ChessBase"]
[SourceDate "2019.10.17"]
[SourceVersion "1"]
[SourceVersionDate "2019.10.17"]
[SourceQuality "1"]
[WhiteTeam "Puschendorf"]
[BlackTeam "Neutraubling"]
[WhiteTeamCountry "GER"]
[BlackTeamCountry "GER"]

1. e4 e6 2. d4 d5 3. Nd2 Nf6 4. e5 Nfd7 5. Bd3 c5 6. c3 b5 7. Bxb5 Qb6 8. Qe2 cxd4 9. cxd4 Nc6 10. Ngf3 Rb8 11. a4 a6 12. Bxc6 Qxc6 13. 0-0 a5 14. Qe3 Ba6 15. Re1 Bb4 16. b3 0-0 17. Bb2 Qc2 18. Rab1 Rfc8 19. h3 Qf5 20. Rec1 h6 21. Bc3 Bd3 22. Bxb4 Bxb1 23. Rxc8+ Rxc8 24. Bxa5 Qc2 25. Bb4 Nb8 26. Bc5 Ba2 27. Ne1 Qd1 28. Kh2 Na6 29. Bd6 Rc1 30. Nef3 Qc2 31. Qe2 Nc7 32. a5 Qc6 33. b4 Bc4 34. Nxc4 dxc4 35. Qb2 Rf1 36. Bc5 Nb5 37. Qe2 Rc1 38. Qb2 Rf1 39. Qe2 Rc1 1/2-1/2